Model vyrobil z PVC a drevotriesky, na pruženie použil obyčajnú špongiu mladý košický študent dizajnu Bc. Pavol Torma získal v súťaži v nemeckom Kolíne jednu z dvoch prvých cien

Bibliographic Details
Main Author: Božinovská, Andrea (Author)
Format: Article
Language:Slovak
PhysicalDescription:Obr.
ISSN:1336-5320
Subjects:
Online Access:www.korzar.sk

MARC

LEADER 00000nab a2200000 a 4500
001 vtls008996450
003 SK-MaSNL
005 20260303065743.0
008 070606 2007 xo r r 000 0 slo
038 |a KEVKJB 
040 |a KEVKJB  |b slo  |c KEVKJB  |e AACR2 
041 0 |a slo 
044 |a xo  |c SK 
080 |a 7.05-057.875  |2 2001 
080 |a 378.6  |2 2001 
100 1 |a Božinovská, Andrea  |4 aut  |9 873401 
245 1 0 |a Model vyrobil z PVC a drevotriesky, na pruženie použil obyčajnú špongiu  |b mladý košický študent dizajnu Bc. Pavol Torma získal v súťaži v nemeckom Kolíne jednu z dvoch prvých cien  |c Andrea Božinovská 
300 |b Obr. 
600 1 7 |a Torma, Pavol  |2 kevkjb  |9 301301 
610 2 7 |a Technická univerzita v Košiciach.  |b Fakulta umení.  |b Katedra dizajnu  |2 kevkjb  |9 176870 
651 7 |a Košice (Slovensko)  |2 kevkjb  |9 18694 
655 7 |a študentské práce  |2 kevkjb  |9 119560 
773 0 |t Košický večer  |g Roč. 18(39), č. 22 (1.6.2007), s. 9  |x 1336-5320 
852 |a KEVKJB  |b KIS3GCP 
856 4 1 |u www.korzar.sk 
999 |c 1752535  |d 1754465